|
|
|
|
| LEADER |
02053nam a2200433 a 4500 |
| 001 |
36928 |
| 003 |
BD-DhAAL |
| 005 |
20211129105402.0 |
| 008 |
200115t2013 nyua b 001 0 eng d |
| 999 |
|
|
|c 42149
|d 42149
|
| 010 |
|
|
|a 2011039373
|
| 020 |
|
|
|a 9780071326421
|
| 020 |
|
|
|a 0071326421
|
| 020 |
|
|
|a 9780078034671 (alk. paper)
|
| 040 |
|
|
|a DLC
|c DLC
|d DLC
|d BD-DhAAL
|
| 042 |
|
|
|a pcc
|
| 043 |
|
|
|a n-us---
|
| 050 |
0 |
0 |
|a HG181
|b .R65 2013
|
| 082 |
0 |
0 |
|a 332.1068
|2 23
|
| 100 |
1 |
|
|a Rose, Peter S.
|9 38985
|
| 245 |
1 |
0 |
|a Bank management & financial services /
|c Peter S. Rose, Sylvia C. Hudgins.
|
| 246 |
3 |
|
|a Bank management and financial services
|
| 250 |
|
|
|a Ninth edition
|
| 260 |
|
|
|a New York, NY :
|b McGraw-Hill,
|c c2013.
|
| 300 |
|
|
|a xxvi, 740 pages :
|b illustrations ;
|c 27 cm.
|
| 504 |
|
|
|a Includes bibliographical references and index.
|
| 505 |
0 |
|
|a Introduction to banking and financial services -- Financial statements and financial-firm performance -- Tools for managing and hedging against risk -- Managing investment portfolios and liquidity positions for financial firms -- Managing sources of funds for a financial firm -- Providing loans to businesses and consumers -- Managing the future in a global marketplace.
|
| 526 |
|
|
|a BBS
|
| 541 |
|
|
|a Trim Education
|e 36928
|
| 650 |
|
0 |
|a Financial institutions
|z United States.
|9 38986
|
| 650 |
|
0 |
|a Bank management
|z United States.
|9 38987
|
| 650 |
|
0 |
|a Financial services industry
|z United States.
|9 38988
|
| 650 |
|
0 |
|a Banks and banking, International.
|9 38989
|
| 650 |
|
0 |
|a Finance.
|9 38990
|
| 650 |
|
0 |
|a Business & finance
|9 43319
|
| 700 |
1 |
|
|a Hudgins, Sylvia Conway,
|d 1956-
|9 38991
|
| 852 |
|
|
|a Ayesha Abed Library
|c General Stacks
|
| 942 |
|
|
|2 ddc
|c BK
|
| 952 |
|
|
|0 0
|1 0
|2 ddc
|4 0
|6 332_106800000000000_ROS
|7 0
|9 67707
|a BRACUL
|b BRACUL
|c GEN
|d 2020-01-13
|e Trim Education
|g 4895.00
|l 5
|o 332.1068 ROS
|p 3010036928
|q 2026-09-20
|r 2026-05-21
|s 2026-05-21
|t 1
|v 4895.00
|w 2020-01-13
|y BK
|x ID 00003317 .As instructed by the librarian, this book has been checked out to this patron till 02/06/2026
|